| 000 | 03477nam0a2200397 4500 | ||
|---|---|---|---|
| 001 | RU\NLR\BIBL_A\012717295 | ||
| 005 | 20220415113016.0 | ||
| 010 |
_a978-5-6046575-4-6 _9300 |
||
| 021 |
_aRU _bКН-П-21-078550 _9КН-П-21-6256 |
||
| 035 | _a(NLR Aleph) 012717295 | ||
| 090 |
_a12929347 _c12929347 |
||
| 100 | _a20220228d2021 k y0rusy50 ca | ||
| 101 | 0 |
_arus _deng |
|
| 102 | _aRU | ||
| 105 | _aa|||z|||000zy | ||
| 181 | 0 |
_ai _baxxe |
|
| 182 | 0 | _an | |
| 200 | 1 |
_aСовременное состояние и перспективы развития уголовно-исполнительной системы Российской Федерации _eсборник материалов всероссийской научно-практической конференции, 14-15 октября 2021 г. _fФедеральная служба исполнения наказаний, ФКО УВО "Санкт-Петербургский университет ФСИН России" (Университет ФСИН России) _gсоставитель: Новиков Е.Е., доцент |
|
| 203 |
_aТекст _bвизуальный _cнепосредственный |
||
| 210 |
_aСанкт-Петербург _cУниверситет ФСИН России _d2021 |
||
| 215 |
_a216 с. _cил., табл. _d20 |
||
| 225 | 1 | _aБиблиотека Университета ФСИН России | |
| 300 | _aРез. англ. | ||
| 320 | _aБиблиогр. в конце ст. | ||
| 330 | _aВ сборнике представлены материалы Всероссийской научно-практической конференции, в работе которой приняли участие представители образовательных организаций, учреждений и органов ФСИН России, институтов гражданского общества России. В материалах конференции нашел отражение широкий круг вопросов, касающихся общественного воздействия в УИС. Сборник адресован научным сотрудникам, преподавателям, студентам, аспирантам и всем, кто интересуется данной тематикой | ||
| 606 | 1 |
_aУголовно-исполнительная система _jСъезды, совещания и т.п _yРоссийская Федерация _92127798 _3RU\NLR\AUTH\661284113 |
|
| 675 |
_a343.8 _v4 |
||
| 686 | 1 | _aХ628.4я431 | |
| 702 | 1 |
_4220 _7ca _8rus _aНовиков _bЕ. Е. _cканд. юрид. наук _gЕгор Евгеньевич _9206040 _3RU\NLR\AUTH\770206092 |
|
| 711 | 1 | 2 |
_a"Современное состояние и перспективы развития уголовно-исполнительной системы Российской Федерации", всероссийская научно-практическая конференция _eПушкин, Санкт-Петербург _f2021 _9788276 _3RU\NLR\AUTH\880560553 |
| 712 | 0 | 2 |
_4557 _aСанкт-Петербургский университет ФСИН России _cПушкин _9779631 _3RU\NLR\AUTH\880556328 |
| 942 | _cBOOK | ||
| 980 | _aNB | ||